000 00927nam a22002297a 4500
003 BUBTL
008 230327b ||||| |||| 00| 0 eng d
020 _a9789843319296
041 _aben
082 _a345/ K452c/ 2014
100 _95258
_aখান, বোরহান উদ্দীন
245 _aঅপরাধ বিজ্ঞান পরিচিতি /
_b বোরহান উদ্দীন খান, মনজুর কাদের
250 _a4th ed
260 _aঢাকা:
_bপ্রভাতী প্রকাশনী,
_cc1986
300 _axxvi, 438 p.:
_c22 cm
505 _aঅপরাধবিজ্ঞান, অপরাধবিজ্ঞানের ক্রমবিকাশ
650 0 _926
_aLaw
700 _95878
_aকাদের, মনজুর
856 _k0
_l0
_yDownload
942 _2ddc
_cBK
999 _c7002
_d7002